Una aproximación a la pintura metafísica de Jaime Colson / (Record no. 38532)
[ view plain ]
| 000 -CABECERA | |
|---|---|
| campo de control de longitud fija | 00889nam a2200277 a 4500 |
| 001 - NÚMERO DE CONTROL | |
| campo de control | 000039042 |
| 003 - IDENTIFICADOR DEL NÚMERO DE CONTROL | |
| campo de control | DO-SdBNP |
| 005 - FECHA Y HORA DE LA ÚLTIMA TRANSACCIÓN | |
| campo de control | 20240229073927.0 |
| 007 - CAMPO FIJO DE DESCRIPCIÓN FÍSICA--INFORMACIÓN GENERAL | |
| campo de control de longitud fija | ta |
| 008 - DATOS DE LONGITUD FIJA--INFORMACIÓN GENERAL | |
| campo de control de longitud fija | 130515s2001 dr ac 000 0 spa d |
| 040 ## - FUENTE DE LA CATALOGACIÓN | |
| Centro catalogador/agencia de origen | DO-SdBNP |
| Lengua de catalogación | spa |
| Centro/agencia transcriptor | BNPHU |
| 082 ## - NÚMERO DE LA CLASIFICACIÓN DECIMAL DEWEY | |
| Número de clasificación | xxx |
| Número de documento/Ítem | D249 |
| 100 1# - ENTRADA PRINCIPAL--NOMBRE DE PERSONA | |
| Nombre de persona | León David |
| Fechas asociadas al nombre | 1945- |
| 9 (RLIN) | 84930 |
| 245 14 - MENCIÓN DE TÍTULO | |
| Título | Una aproximación a la pintura metafísica de Jaime Colson / |
| Mención de responsabilidad, etc. | León David ; prólogo Juan José Bellapart ; fotografías Max Pou, Ángel Vargas |
| 260 ## - PUBLICACIÓN, DISTRIBUCIÓN, ETC. | |
| Lugar de publicación, distribución, etc. | Santo Domingo |
| -- | Museo Bellapart, |
| Fecha de publicación, distribución, etc. | 2001. |
| 300 ## - DESCRIPCIÓN FÍSICA | |
| Extensión | 80 p. : |
| Otras características físicas | il., retrs. ; |
| Dimensiones | 32 cm. |
| 490 1# - MENCIÓN DE SERIE | |
| Mención de serie | Museo Bellapart ; |
| 500 ## - NOTA GENERAL | |
| Nota general | Incluye notas |
| 500 ## - NOTA GENERAL | |
| Nota general | Libro de pasta dura. |
| 590 ## - NOTA LOCAL (RLIN) | |
| Nota local | Inventariado, 2022/ YL |
| 700 12 - PUNTO DE ACCESO ADICIONAL--NOMBRE DE PERSONA | |
| Nombre de persona | Bellapart, Juan José |
| Término indicativo de función/relación | prol. |
| 9 (RLIN) | 82782 |
| 700 12 - PUNTO DE ACCESO ADICIONAL--NOMBRE DE PERSONA | |
| Nombre de persona | Pou, Max |
| Término indicativo de función/relación | fot. |
| 9 (RLIN) | 76778 |
| 700 12 - PUNTO DE ACCESO ADICIONAL--NOMBRE DE PERSONA | |
| Nombre de persona | Vargas, Ángel |
| Término indicativo de función/relación | fot. |
| 9 (RLIN) | 82783 |
| 910 ## - DATOS DE OPCIÓN DEL USUARIO (OCLC) | |
| Datos de opción del usuario | YLockward |
| 942 ## - ELEMENTOS DE PUNTO DE ACCESO ADICIONAL (KOHA) | |
| Fuente del sistema de clasificación o colocación | Dewey Decimal Classification |
| Tipo de ítem Koha | Libro |
| Estado de retiro | Estado de pérdida | Fuente del sistema de clasificación o colocación | Restricciones de uso | No para préstamo | Código de colección | Localización permanente | Ubicación/localización actual | Ubicación en estantería | Fecha de adquisición | Fuente de adquisición | Número de inventario | Signatura topográfica completa | Código de barras | Fecha visto por última vez | Tipo de ítem Koha | Total de préstamos | Número de copia | Precio válido a partir de |
|---|---|---|---|---|---|---|---|---|---|---|---|---|---|---|---|---|---|---|
| Dewey Decimal Classification | Excluido de préstamo | Patrimonio Dominicano | Biblioteca Nacional Pedro Henríquez Ureña | Biblioteca Nacional Pedro Henríquez Ureña | En catalogación | 14.08.2019 | Librería Mateca | LF1 | 39042-10 | 25.06.2020 | Libro | |||||||
| Dewey Decimal Classification | Excluido de préstamo | Patrimonio Dominicano | Biblioteca Nacional Pedro Henríquez Ureña | Biblioteca Nacional Pedro Henríquez Ureña | En catalogación | 14.08.2019 | Librería Mateca | LF1 | 2022-5103 | 10.11.2022 | Libro | e. 2 | 10.11.2022 | |||||
| Dewey Decimal Classification | Préstamo en sala | Dominicana de Servicio | Biblioteca Nacional Pedro Henríquez Ureña | Biblioteca Nacional Pedro Henríquez Ureña | En catalogación | 14.08.2019 | Librería Mateca | LF1 | 2022-5104 | 10.11.2022 | Libro | e. 3 | 10.11.2022 | |||||
| Dewey Decimal Classification | Préstamo en sala | Dominicana de Servicio | Biblioteca Nacional Pedro Henríquez Ureña | Biblioteca Nacional Pedro Henríquez Ureña | En catalogación | 14.08.2019 | Librería Mateca | LF1 | 2022-5106 | 10.11.2022 | Libro | e. 4 | 10.11.2022 | |||||
| Dewey Decimal Classification | Préstamo en sala | Dominicana de Servicio | Biblioteca Nacional Pedro Henríquez Ureña | Biblioteca Nacional Pedro Henríquez Ureña | En catalogación | 10.11.2022 | LF1 | 2022-5107 | 10.11.2022 | Libro | e. 5 | 10.11.2022 |
